| 000 | 00676nam a2200289Ia 4500 | ||
|---|---|---|---|
| 008 | 190123s9999 xx 000 0 und d | ||
| 020 | _a9780545057660 | ||
| 050 | _bC778 2008 | ||
| 100 | _aCooper, Wade | ||
| 245 | 0 | _aPolar animals / | |
| 245 | 0 | _cby Wade Cooper. | |
| 260 | _aNew York, New York : | ||
| 260 | _bScholastic, | ||
| 260 | _c2008 | ||
| 300 | _a30 pages : | ||
| 300 | _bcolored illustrations ; | ||
| 300 | _c23cm. | ||
| 440 | _aScholastic reader ; | ||
| 440 | _vlevel 1. | ||
| 500 | _a350L | ||
| 650 | _aAnimals. | ||
| 650 | _aArctic regions. | ||
| 650 | _aPolar regions. | ||
| 650 | _aZoology. | ||
| 700 | _aSeries. | ||
| 700 | _aTitle. | ||
| 999 |
_c361066 _d361066 |
||